spectacle des doudous (Le)
<< Retourner aux résultats de la recherche
| Auteur principal : | Ophélie Texier |
|---|---|
| Titre : | spectacle des doudous (Le) |
| Support : | Livres |
| Langue : | Francais |
| Publié : |
2020 Actes Sud junior Arles (Bouches-du-Rhône) |
| Series : |
Marilou et Crocolou |
| Genre : |
Album |
| Collection : |
Marilou et Crocolou |
| Sujets : | |
| Étiquettes : |
Pas de tags
|
| LEADER | 00875nam0a2200217 450 | ||
|---|---|---|---|
| 001 | 16868146 | ||
| 010 | |a 978-2-330-13184-5 |b cart. |d 6,6 | ||
| 100 | |a 20191004d2020 u u0frey01 ba | ||
| 101 | 0 | |a fre | |
| 102 | |a FR | ||
| 200 | 0 | |a spectacle des doudous (Le) |f Ophélie Texier | |
| 207 | 1 | |a | |
| 210 | |a Arles (Bouches-du-Rhône) |c Actes Sud junior |d 2020 | ||
| 215 | |a [25] p. |c illustrations en couleur |d 15 x 15 cm | ||
| 225 | 1 | |a Marilou et Crocolou | |
| 330 | |a Marilou et Crocolou construisent une tente afin de faire un spectacle pour leurs parents. Déguisés en bédouins, ils se lancent dans un numéro de charmeurs de peluches. Electre 2020 | ||
| 461 | 0 | |t Marilou et Crocolou | |
| 700 | 0 | |a Texier |b Ophélie |f 1970-.... |4 70 | |
| 900 | |a Album | ||
| 901 | |a Jeunesse | ||
| 995 | |a Médiathèque |c Médiathèque |f 00156010473361 |h 00156010473361 |k A TEX |o p |q j |r az |e Médiathèque | ||